Statistieken voor Groningen Trivia Quiz

Klik hier om de quiz te nemen!

Algemene statistieken

  • Deze quiz is 560 keer genomen
  • De gemiddelde score is 12 van 20

Antwoordstatistieken

HintAntwoord% Correct
HoofdstadGroningen
100%
Aangrenzende provinciesFriesland
99%
Aangrenzende provinciesDrenthe
98%
Officiële taal in de provincie naast NederlandsNedersaksisch
91%
Onder Slochteren bevindt zich een grote hoeveelheid _______aardgas
87%
Winning hiervan heeft inmiddels meerdere ___________ veroorzaaktaardbevingen
84%
Hoogste toren van de hoofdstad{Martini}toren
74%
Vestingstad aan dit estuariumDelfzijl
62%
Grootste plaatsen na de hoofdstadVeendam
52%
Bedrijf dat dit uit de grond haaltNAM
50%
Grootste plaatsen na de hoofdstadStadskanaal
49%
Plaats waar de veerboot naar Schiermonnikoog vertrektLauwersoog
46%
Grootste Groningse waddeneilandenRottumerplaat
46%
Grootste Groningse waddeneilandenRottumeroog
42%
Andere naam voor de provincieStad en {Ommelanden}
40%
Estuarium in het noordoosten van de provincie waar een grensdispuut met Duitsland bestaat{Eems}-{Dollard}estuarium
39%
Grootste plaatsen na de hoofdstadHoogezand
39%
Vestingdorp in de voormalige gemeente VlagtweddeBourtange
38%
Nationaal park waar deze plaats aan ligtNationaal Park {Lauwersmeer}
28%
Voormalig eiland dat tussen 1400 en 1570 in twee stukken brak: Bosch en bovenstaand eiland. Bosch is sindsdien in de golven verdwenen.Monnikenlangenoog
10%

Scoreverdeling

Percentiel versus Aantal Correcte Antwoorden

Procent van Mensen met Elke Score

Uw Scoregeschiedenis

U heeft deze quiz nog niet genomen